Southville International School and Colleges
Your cart is empty.
  • Cart
  • Lists
    Public lists Eva Luna New books Lux_list list_1
    Your lists Log in to create your own lists
  • Log in to your account
  • Your cookies
  • Search history
Southville International School and Colleges
  • Advanced search
  • Recent comments
  • Most popular
  • Libraries

Log in to your account

Log in with GOOGLE


If you do not have an external account, but do have a local account, you can still log in:

  1. Home
  2. MARC view: Barbie: Too many puppies /
Normal view MARC view ISBD view

Barbie: Too many puppies / (Record no. 102594)

[ view plain ]
MARC details
000 -LEADER
fixed length control field 00529nam a2200169 a 4500
005 - DATE AND TIME OF LATEST TRANSACTION
control field 20140412111238.0
008 - FIXED-LENGTH DATA ELEMENTS--GENERAL INFORMATION
fixed length control field 001113s19uu xx 00 eng d
020 ## - INTERNATIONAL STANDARD BOOK NUMBER
International Standard Book Number 0-307-12840-7
050 ## - LIBRARY OF CONGRESS CALL NUMBER
Classification number ER
Item number Ba23 1996
100 ## - MAIN ENTRY--PERSONAL NAME
Personal name Parker, Lisa Trusiani
245 ## - TITLE STATEMENT
Title Barbie: Too many puppies /
Statement of responsibility, etc by Lisa Trusiani Parker ; illustrated by S. I. Artist.
260 ## - PUBLICATION, DISTRIBUTION, ETC. (IMPRINT)
Place of publication, distribution, etc New York :
Name of publisher, distributor, etc A Sesame Street/Golden Press Book,
Date of publication, distribution, etc 1997.
300 ## - PHYSICAL DESCRIPTION
Extent [23] p. ; ill.
650 ## - SUBJECT ADDED ENTRY--TOPICAL TERM
Topical term or geographic name as entry element Puppies -- Stories
650 ## - SUBJECT ADDED ENTRY--TOPICAL TERM
Topical term or geographic name as entry element Puppies -- Fiction
Holdings
Withdrawn status Lost status Damaged status Use restrictions Home library Current library Shelving location Date acquired Source of acquisition Total Checkouts Full call number Barcode Date last seen Price effective from Koha item type
        Elizalde Library Elizalde Library Easy Reading Section 05/31/2001     ER Ba23 1996 E2153 04/12/2014 04/12/2014 Books

Barbie: Too many puppies /

APA

Parker L. T., . (1997). Barbie: Too many puppies. New York: A Sesame Street/Golden Press Book.

Chicago

Parker Lisa Trusiani, . 1997. Barbie: Too many puppies. New York: A Sesame Street/Golden Press Book.

Harvard

Parker L. T., . (1997). Barbie: Too many puppies. New York: A Sesame Street/Golden Press Book.

MLA

Parker Lisa Trusiani, . Barbie: Too many puppies. New York: A Sesame Street/Golden Press Book. 1997.

  • Place hold
  • Print
  • Cite
  • Add to your cart (remove)
  • Save record
    BIBTEX Dublin Core MARCXML MARC (non-Unicode/MARC-8) MARC (Unicode/UTF-8) MARC (Unicode/UTF-8, Standard) MODS (XML) RIS
  • More searches
    Search for this title in:
    Other Libraries (WorldCat) Other Databases (Google Scholar) Online Stores (Bookfinder.com) Open Library (openlibrary.org)

Exporting to Dublin Core...

SOUTHVILLE LIBRARY

Southville International School and Colleges Library

1281 Tropical Ave. Cor. Luxembourg St., BF Homes International, Las Pinas City

Tel. No. 8256374 / 252358 Loc. 117/146

Powered by Koha